000 01540nam a2200325Ia 4500
003 OSt
005 20210108143341.0
008 191128s2012 ck ao gr 000 0dspa d
020 _a9789584232830
040 _aCO-JMCR
_cCO-JMCR
041 0 _aspa
082 0 4 _a330 /
_bA235p
_223
100 1 _aAcemoglu, Daron,
_eautor
_94434
245 1 0 _aPor qué fracasan los países :
_blos orígenes del poder, la prosperidad y la pobreza /
_cDaron Acemoglu y James A. Robinson ; traducido por Marta García Madera
250 _a9a. edición
260 _aBogotá :
_bPlaneta Colombiana,
_c2012
300 _a589 páginas :
_bfotografías a blanco y negro ;
_c23 cm.
500 _aIncluye datos biograficos de los autores.
504 _aBibliografía: páginas 545-589
505 0 _aTan cerca y, sin embargo, tan diferentes -- Teorías que no funcionan -- La creación de la prosperidad y la pobreza -- Pequeñas diferencias y coyunturas críticas: el peso de la historia -- He visto el futuro, y funciona : el crecimiento bajo
520 _aQue algunas naciones sean más prosperas que otras, ¿se debe a cuestiones culturales?, ¿a los efectos de la climatología?, ¿a su ubicación geográfica? No, en absoluto.
534 _pWhy Nations fail
546 _aTraducido del inglés
650 1 4 _aPobreza
_xhistoria
_94435
650 1 4 _aEconomía política
_91838
650 1 4 _aDesarrollo económico
_94436
700 1 _aRobinson, James A.,
_eautor
_94437
700 1 _aGarcía Madera, Marta,
_etraductora
_94438
942 _2ddc
_cBK
999 _c4727
_d4727